Ocean/Sea- Bordering Countries Quiz Stats

 Plays Quiz not verified by Sporcle

Score 0/135 Timer 10:00
0 Plays Today
Hint Country % Correct
Europe + Asia + AfricaRussia
95.6%
Europe + Asia + AfricaRussia
95.6%
Europe + Asia + AfricaRussia
95.6%
Europe + Asia + AfricaFrance
95.4%
Europe + Asia + AfricaFrance
94.9%
Europe + Asia + AfricaSpain
94.7%
Europe + Asia + AfricaItaly
93.8%
Europe + Asia + AfricaSpain
93.8%
Europe + Asia + AfricaPortugal
93.2%
Europe + Asia + AfricaSweden
92.7%
Europe + Asia + AfricaNorway
92.7%
Europe + Asia + AfricaChina
92.7%
Europe + Asia + AfricaFinland
92.3%
South/North AmericaFrance
92.3%
South/North AmericaUnited States of America
92.1%
South/North AmericaCanada
91.9%
South/North AmericaUnited States of America
91.9%
Europe + Asia + AfricaDenmark
91.6%
South/North AmericaMexico
91.4%
South/North AmericaUnited States of America
91.2%
Europe + Asia + AfricaEgypt
91%
Europe + Asia + AfricaGermany
90.8%
Europe + Asia + AfricaGermany
90.8%
Europe + Asia + AfricaIndia
90.8%
South/North AmericaSuriname
90.5%
Europe + Asia + AfricaLibya
89.9%
Europe + Asia + AfricaNetherlands
89.7%
Europe + Asia + AfricaMonaco
89.7%
Europe + Asia + AfricaTurkey
89.5%
Europe + Asia + AfricaPoland
89.2%
Europe + Asia + AfricaSouth Africa
89.2%
Europe + Asia + AfricaMorocco
89%
Europe + Asia + AfricaNorth Korea
88.8%
Europe + Asia + AfricaNorth Korea
88.8%
Europe + Asia + AfricaIran
88.8%
Europe + Asia + AfricaSaudi Arabia
88.8%
Europe + Asia + AfricaSaudi Arabia
88.8%
Europe + Asia + AfricaSaudi Arabia
88.8%
South/North AmericaGuatemala
88.8%
Europe + Asia + AfricaGreece
88.6%
South/North AmericaMexico
88.6%
South/North AmericaArgentina
88.6%
Europe + Asia + AfricaLatvia
88.4%
Europe + Asia + AfricaSouth Korea
88.4%
South/North AmericaChile
88.1%
Hint Country % Correct
South/North AmericaColombia
88.1%
Europe + Asia + AfricaVietnam
87.9%
Europe + Asia + AfricaEgypt
87.9%
Europe + Asia + AfricaFrance
87.9%
South/North AmericaPanama
87.9%
South/North AmericaHonduras
87.7%
South/North AmericaBrazil
87.7%
Europe + Asia + AfricaBelgium
87.5%
Europe + Asia + AfricaLithuania
87.5%
Europe + Asia + AfricaEstonia
87.5%
South/North AmericaCosta Rica
87.5%
South/North AmericaPanama
87.5%
South/North AmericaCosta Rica
87.5%
Europe + Asia + AfricaTunisia
87.3%
South/North AmericaColombia
87.3%
Europe + Asia + AfricaIsrael
87%
Europe + Asia + AfricaOman
86.8%
Europe + Asia + AfricaOman
86.8%
Europe + Asia + AfricaOman
86.8%
Europe + Asia + AfricaSlovenia
86.8%
South/North AmericaEcuador
86.8%
South/North AmericaHonduras
86.8%
Europe + Asia + AfricaPakistan
86.6%
Europe + Asia + AfricaYemen
86.6%
Europe + Asia + AfricaAlgeria
86.6%
Europe + Asia + AfricaCambodia
86.4%
Europe + Asia + AfricaThailand
86.4%
Europe + Asia + AfricaThailand
86.4%
Europe + Asia + AfricaSomalia
86.4%
Europe + Asia + AfricaIsrael
86.2%
Europe + Asia + AfricaRussia
86.2%
South/North AmericaUruguay
86.2%
South/North AmericaGuatemala
86.2%
South/North AmericaNicaragua
85.9%
South/North AmericaPeru
85.9%
South/North AmericaNicaragua
85.9%
Europe + Asia + AfricaSyria
85.5%
South/North AmericaBelize
85.5%
South/North AmericaVenezuela
85.5%
South/North AmericaGuyana
85.5%
Europe + Asia + AfricaGeorgia
85.3%
Europe + Asia + AfricaUnited Arab Emirates
85.1%
Europe + Asia + AfricaUnited Arab Emirates
85.1%
Europe + Asia + AfricaUnited Arab Emirates
85.1%
Europe + Asia + AfricaKenya
85.1%
Hint Country % Correct
South/North AmericaEl Salvador
85.1%
Europe + Asia + AfricaBosnia & Herzegovina
84.6%
Europe + Asia + AfricaEritrea
84.4%
Europe + Asia + AfricaAngola
84.4%
Europe + Asia + AfricaMyanmar
84%
Europe + Asia + AfricaTanzania
84%
Europe + Asia + AfricaBulgaria
84%
Europe + Asia + AfricaQatar
83.7%
Europe + Asia + AfricaMozambique
83.7%
Europe + Asia + AfricaMontenegro
83.7%
Europe + Asia + AfricaKuwait
83.5%
Europe + Asia + AfricaGuinea
83.5%
Europe + Asia + AfricaMalaysia
83.1%
Europe + Asia + AfricaGhana
83.1%
Europe + Asia + AfricaNigeria
82.9%
Europe + Asia + AfricaIvory Coast
82.9%
Europe + Asia + AfricaLebanon
82.9%
Europe + Asia + AfricaBangladesh
82.6%
Europe + Asia + AfricaNamibia
82.6%
Europe + Asia + AfricaIraq
82.6%
Europe + Asia + AfricaCameroon
82.2%
Europe + Asia + AfricaSenegal
82.2%
Europe + Asia + AfricaThe Gambia
82.2%
Europe + Asia + AfricaSenegal
82.2%
Europe + Asia + AfricaDjibouti
82%
Europe + Asia + AfricaTogo
82%
Europe + Asia + AfricaCroatia
82%
Europe + Asia + AfricaTurkey
81.5%
Europe + Asia + AfricaJordan
80.9%
Europe + Asia + AfricaGuinea-Bissau
80.9%
Europe + Asia + AfricaBenin
80.7%
Europe + Asia + AfricaAlbania
80.7%
Europe + Asia + AfricaEquatorial Guinea
80.4%
Europe + Asia + AfricaLiberia
80.2%
Europe + Asia + AfricaAngola
80%
Europe + Asia + AfricaGabon
79.8%
Europe + Asia + AfricaSierra Leone
79.6%
Europe + Asia + AfricaDemocratic Republic of Congo
79.1%
Europe + Asia + AfricaUkraine
79.1%
Europe + Asia + AfricaSudan
78.9%
Europe + Asia + AfricaRomania
78.9%
Europe + Asia + AfricaMauritania
78.7%
Europe + Asia + AfricaRepublic of the Congo
78.5%
Europe + Asia + AfricaCroatia
78.2%
South/North AmericaCanada
42.9%

You're not logged in!

Compare scores with friends on all Sporcle quizzes.
OR
Log In

Show Comments

Extras

Top Quizzes Today


Score Distribution

Your Account Isn't Verified!

In order to create a playlist on Sporcle, you need to verify the email address you used during registration. Go to your Sporcle Settings to finish the process.

Report this User

Report this user for behavior that violates our Community Guidelines.

Details: